| 000 | 00426nam a2200121Ia 4500 | ||
|---|---|---|---|
| 008 | 180130s9999||||xx |||||||||||||| ||und|| | ||
| 020 |
_cNT350 _a978-986-213-609-6 |
||
| 100 | _a鍾玉玨 | ||
| 245 | 0 |
_c鍾玉玨 _a三個小承諾,預約更好的自己:用一點一滴的小舉動,每天實踐3個小承諾──遠離垃圾循環,進入承諾循環 |
|
| 250 | _a初版 | ||
| 260 |
_c2015.05 _a台北市 |
||
| 300 |
_c cm. _a p. |
||
| 942 |
_2ccl _cBOOK |
||
| 999 |
_c803 _d803 |
||